<?xml version="1.0" encoding="UTF-8"?>
<marc:record xmlns:marc="http://www.loc.gov/MARC21/slim">
   <marc:leader>00000nam a2200000 a 4500</marc:leader>
   <marc:datafield ind1="1" ind2=" " tag="100">
      <marc:subfield code="a">Gavalda, Anna</marc:subfield>
      <marc:subfield code="4">aut</marc:subfield>
      <marc:subfield code="e">Verfasser/-in</marc:subfield>
   </marc:datafield>
   <marc:datafield ind1="1" ind2=" " tag="100">
      <marc:subfield code="a">Kronenberger, Ina</marc:subfield>
      <marc:subfield code="4">trl</marc:subfield>
      <marc:subfield code="e">Übersetzer/-in</marc:subfield>
   </marc:datafield>
   <marc:datafield ind1=" " ind2=" " tag="653">
      <marc:subfield code="a">Roman</marc:subfield>
   </marc:datafield>
   <marc:datafield ind1=" " ind2=" " tag="653">
      <marc:subfield code="a">Wohngemeinschaft</marc:subfield>
   </marc:datafield>
   <marc:datafield ind1="0" ind2="0" tag="245">
      <marc:subfield code="a">Zusammen ist man weniger allein</marc:subfield>
   </marc:datafield>
   <marc:datafield ind1="0" ind2="0" tag="245">
      <marc:subfield code="b">Roman</marc:subfield>
   </marc:datafield>
   <marc:datafield ind1=" " ind2="1" tag="264">
      <marc:subfield code="a">Frankfurt am Main</marc:subfield>
      <marc:subfield code="b">Fischer-Taschenbuch-Verl.</marc:subfield>
      <marc:subfield code="c">2006</marc:subfield>
   </marc:datafield>
   <marc:datafield ind1="1" ind2=" " tag="520">
      <marc:subfield code="a">Zusammen ist man weniger allein - Eine berührende Geschichte über vier grundverschiedene Menschen, die in einer verrückten Pariser Wohngemeinschaft zueinanderfinden.##Philibert, ein verarmter Adliger und historisches Genie, kämpft mit seiner Schüchternheit. Camille, eine magersüchtige Künstlerin, schlägt sich als Putzfrau durch. Franck, ein leidenschaftlicher Koch und Frauenheld, sorgt sich um seine Großmutter Paulette, die partout nicht ins Altersheim will. In einer turbulenten Wohngemeinschaft im Herzen von Paris kreuzen sich ihre Wege. Zwischen Liebe, Streit und dem Versuch, irgendwie zurechtzukommen, finden sie unerwartet zueinander und geben sich gegenseitig Halt.##Mit feinem Gespür für die Zwischentöne des Lebens erzählt Bestseller-Autorin Anna Gavalda eine warmherzige Geschichte über Einsamkeit und Gemeinschaft. Zusammen ist man weniger allein ist ein zarter, anrührender Roman, in dem Lachen und Not nah beieinanderliegen - ein Buch wie eine Umarmung.##»Ein herzergreifender, zarter und anrührender Roman, in dem das Lachen und die Not verschwistert sind.« Le soir</marc:subfield>
   </marc:datafield>
   <marc:datafield ind1=" " ind2=" " tag="020">
      <marc:subfield code="a">9783596173037</marc:subfield>
      <marc:subfield code="9">9783596173037</marc:subfield>
   </marc:datafield>
   <marc:datafield ind1=" " ind2=" " tag="041">
      <marc:subfield code="a">ger</marc:subfield>
   </marc:datafield>
   <marc:datafield ind1=" " ind2=" " tag="300">
      <marc:subfield code="a">550 S.</marc:subfield>
   </marc:datafield>
</marc:record>
